Baker college composition: (Record no. 53857)

MARC details
000 -LEADER
fixed length control field 00837nam a22002297a 4500
008 - FIXED-LENGTH DATA ELEMENTS--GENERAL INFORMATION
fixed length control field 181129b xxu||||| |||| 00| 0 eng d
020 ## - INTERNATIONAL STANDARD BOOK NUMBER
International Standard Book Number 9781256403395
020 ## - INTERNATIONAL STANDARD BOOK NUMBER
International Standard Book Number 1256403393
050 ## - LIBRARY OF CONGRESS CALL NUMBER
Classification number PE1411
Item number .B34 2012
245 ## - TITLE STATEMENT
Title Baker college composition:
Remainder of title a custom approch
250 ## - EDITION STATEMENT
Edition statement revised edition
260 ## - PUBLICATION, DISTRIBUTION, ETC. (IMPRINT)
Place of publication, distribution, etc New York:
Name of publisher, distributor, etc Pearson Learning Solutions,
Date of publication, distribution, etc 2012
300 ## - PHYSICAL DESCRIPTION
Extent xvi, 1003p.
Other physical details ill. ;
Dimensions 26cm.
610 ## - SUBJECT ADDED ENTRY--CORPORATE NAME
Subordinate unit College Entrance Examination Board.
Title of a work College-Level Examination Program.
650 ## - SUBJECT ADDED ENTRY--TOPICAL TERM
Topical term or geographic name as entry element English language
Form subdivision Study guides.
General subdivision Rhetoric
-- Examinations
650 ## - SUBJECT ADDED ENTRY--TOPICAL TERM
Topical term or geographic name as entry element Report writing
Form subdivision Study guides.
General subdivision Examinations
650 ## - SUBJECT ADDED ENTRY--TOPICAL TERM
Topical term or geographic name as entry element English composition test.
650 ## - SUBJECT ADDED ENTRY--TOPICAL TERM
Topical term or geographic name as entry element College-level examinations
Form subdivision Study guides.
655 ## - INDEX TERM--GENRE/FORM
Source of term fast|0(OCoLC)fst01423888.
Non-focus term Study guides.
710 ## - ADDED ENTRY--CORPORATE NAME
Corporate name or jurisdiction name as entry element Baker College
942 ## - ADDED ENTRY ELEMENTS (KOHA)
Source of classification or shelving scheme Library of Congress Classification
Item type Book
Holdings
Withdrawn status Lost status Source of classification or shelving scheme Damaged status Not for loan Collection code Home library Current library Shelving location Date acquired Source of acquisition Cost, normal purchase price Total Checkouts Full call number Barcode Copy number Price effective from Koha item type
    Library of Congress Classification     Non-fiction Nakuru Campus Nakuru Campus General Circulation 29/11/2018 Donations-BFA 1803.00   PE1411 .B34 2012 060743 1 29/11/2018 Book